Plantas medicinales de uso en Chile: Química y Farmacología
Salvato in:
| Autore principale: | |
|---|---|
| Altri autori: | , |
| Natura: | Libro |
| Lingua: | spagnolo |
| Pubblicazione: |
Santiago, Chile
Universitaria
2004
|
| Edizione: | Segunda edición |
| Serie: | Colección Textos Universitarios. Monografías
|
| Soggetti: | |
| Tags: |
Aggiungi Tag
Nessun Tag, puoi essere il primo ad aggiungerne!!
|
MARC
| LEADER | 00000nam a2200000 a 4500 | ||
|---|---|---|---|
| 001 | UCI2871 | ||
| 003 | CL-VaPUC | ||
| 005 | 20220824074409.0 | ||
| 008 | 070928e20040000CL |||||||||||||||||spa|d | ||
| 999 | |c 327285 |d 327283 | ||
| 020 | |a 956111514X | ||
| 040 | |c Pontificia Universidad Católica de Valparaíso | ||
| 082 | 0 | 4 | |a 633.88 MUÑ 2004 |2 21 |
| 100 | |a Muñoz Muñoz, Orlando |e autor |9 870466 | ||
| 245 | 1 | 0 | |a Plantas medicinales de uso en Chile: Química y Farmacología |
| 250 | |a Segunda edición | ||
| 260 | 0 | 3 | |a Santiago, Chile |b Universitaria |c 2004 |
| 300 | |a 330 páginas | ||
| 490 | 0 | |a Colección Textos Universitarios. Monografías | |
| 583 | |a last modification |c 20070928 00:00:00 |k Rodrigo Vera | ||
| 650 | 0 | |a Plantas medicinales |9 334373 | |
| 650 | 7 | |a MEDICINA POPULAR |2 CL-VaPUC |9 311908 | |
| 651 | 7 | |a CHILE |2 CL-VaPUC |9 524073 | |
| 700 | 0 | |a Montes, Marco |e autor |9 870469 | |
| 700 | 0 | |a Wilkomirsky, Tatiana |9 870468 |e autora | |
| 942 | |c BK |2 ddc | ||
| 945 | |d 20070928 00:00:00 |a jtorresc | ||
| 952 | |0 0 |1 0 |2 ddc |4 0 |6 633_880000000000000_MUÑ_2004 |7 0 |8 A |9 409918 |a BIBCUR |b BIBCUR |d 2019-11-22 |i 4371003 |l 7 |m 3 |o 633.88 MUÑ 2004 |p 4371003 |r 2025-04-22 |s 2023-04-20 |t 1 |w 2019-11-22 |y BK |k BIO | ||